[Event "BCF-chT3N 1617 (4NCL)"]
[Site "England"]
[Date "2017.05.01"]
[Round "11.63"]
[White "Edwards, Simon R"]
[Black "Moorcroft, Karl"]
[Result "1-0"]
[WhiteElo "2087"]
[BlackElo "1660"]
[PlyCount "73"]
[EventDate "2016.11.26"]
[EventType "team-swiss"]
[EventRounds "11"]
[EventCountry "ENG"]
[SourceTitle "EXT 2019"]
[Source "ChessBase"]
[SourceDate "2018.10.10"]
[SourceVersion "1"]
[SourceVersionDate "2018.10.10"]
[SourceQuality "1"]
[WhiteTeam "Cheddleton II"]
[BlackTeam "3CS Oldham III"]
[WhiteTeamCountry "ENG"]
[BlackTeamCountry "ENG"]

1. e4 c6 2. d4 d5 3. e5 Bf5 4. h4 h5 5. Bg5 Qb6 6. Bd3 Bxd3 7. Qxd3 e6 8. b3 Ne7 9. Ne2 c5 10. dxc5 Qxc5 11. 0-0 Nec6 12. Be3 Qe7 13. Qb5 Qc7 14. f4 Nd7 15. c3 g6 16. a3 Be7 17. g3 a6 18. Qd3 Nc5 19. Qc2 Ne4 20. Nd2 Bc5 21. Bxc5 Nxc5 22. b4 Nd7 23. c4 Qb6+ 24. c5 Qc7 25. Rfc1 Rc8 26. Qd3 b5 27. Nf3 0-0 28. Ned4 Ndb8 29. Nxe6 fxe6 30. Qxg6+ Qg7 31. Qxe6+ Qf7 32. Qh6 Qg7 33. Qg5 Ne7 34. Kf2 Rc6 35. Qxg7+ Kxg7 36. Rd1 Rcc8 37. Nd4 1-0